000 00742nam a22002417a 4500
005 20250806164708.0
008 250806b |||||||| |||| 00| 0 eng d
020 _a978-415-84130-6 (hbk)
037 _cREF
040 _aAL
_cAL
041 _2ENG
_aENG
084 _aV1:71g Q7
_qAL
100 _aHodos, Tamar
_9817348
245 _aRoutledge handbook of archaeology and globalization
260 _aNew York, USA
_bRoutledge,
_c2017
300 _axxiv,970p.
365 _b175.00
_cUKP
650 _aHISTORY
650 _aArchaeology
_9256899
700 _aHodos, Tamar
_eEditor
_9817348
942 _2CC
_cREF
_hV1:71g Q7
_n0
999 _c1434600
_d1434600